000 00750nas a2200265 4500
001 BR7808112
003 BR-BrBNA
005 20231205083600.0
007 ta
008 230509b bl.|||p| |||| 00| 00por d
040 _aBR-BrBNA
_bpor
_cBiblioteca Nacional de Agricultura
041 _a(Pt)
072 _aQ02
100 1 _aLasseran, J.C.
245 1 _aPrincipios gerais de secagem [milho]
650 _aSECAGEM ARTIFICIAL
650 _aSECAGEM
650 _aSECAGEM NATURAL
650 _aMILHO
650 _aTECNOLOGIA DE ALIMENTO
650 _aGRAO
773 0 _tRevista Brasileira de Armazenamento (Brazil)
_xISSN 0100-3518
_g(Jul 1978), v. 3(3) p. 17-46
_wBR7808112
909 _a202311
_bLúcia
_c55
_dLúcia Elande
942 _2AGRIS
_n0
_cANA
999 _c99841
_d99841